The Malayan emergency revisited 1948-1960

Bibliographic Details
Main Author: Mohd Azzam Mohd Hanif Ghows
Other Authors: Barber, Caroline
Format: Book
Published: Kuala Lumpur : AMR Holdings, , 2006
Subjects:

MARC

LEADER 00000cam a2200000 7i4500
001 0000003571
005 20070809.0
020 0 0 |a 9834298005 
090 0 0 |a 959.5   |b MAM 
100 1 0 |a Mohd Azzam Mohd Hanif Ghows 
245 1 4 |a The Malayan emergency revisited 1948-1960   |c [author: Mohd Azzam Mohd Hanif Ghows] ; [editor Caroline Barber] 
260 0 0 |a Kuala Lumpur :   |b AMR Holdings, ,   |c 2006 
300 |a 386p. :   |b ill. some col. maps ;   |c 30cm. 
500 0 0 |a Includes index 
650 0 0 |a Communism   |z Malaya   |x History Pictorial works 
651 0 0 |a Malaya   |x History   |y Malayan emergency, 1948-1960 Pictorial works 
700 1 1 |a Barber, Caroline 
999 |a 0000007138   |b Monograph   |c Open Shelf   |e Default branch